Una revolución del espíritu. Política y esperanza en Frei, Eyzaguirre y Góngora en los años de entreguerras.

-д хадгалсан:
Номзүйн дэлгэрэнгүй
Үндсэн зохиолч: González Cañete, Diego (autor)
Формат: Ном
Хэвлэсэн: Santiago, Chile: Ediciones Centro de Estudios Bicentenario, 2018.
Хэвлэл:Primera edición
Нөхцлүүд:
Шошгууд: Шошго нэмэх
Шошго байхгүй, Энэхүү баримтыг шошголох эхний хүн болох!

MARC

LEADER 00000nam a22000007a 4500
003 CL-VaPUC
005 20230608085645.0
008 230529t2018 ||||| |||| 00| 0 eng d
999 |c 441004  |d 441002 
020 |a 978-956-8979-96-6 
040 |c Pontificia Universidad Católica de Valparaíso 
082 0 4 |2 21  |a 320.983 GON 2018 
100 1 |a González Cañete, Diego  |e autor  |9 882658 
245 1 4 |a Una revolución del espíritu.  |b Política y esperanza en Frei, Eyzaguirre y Góngora en los años de entreguerras. 
250 |a Primera edición 
260 |a Santiago, Chile:  |b Ediciones Centro de Estudios Bicentenario,  |c 2018. 
300 |a 308 páginas. 
500 |a c.1 Donación Alejandro San Francisco. Memo HIS/010 
583 |c 20230529  |k Catalogador Asistente 
600 0 |a Frei Montalva, Eduardo   |d 1911-1982  |9 455760 
600 0 |a Eyzaguirre Gutiérrez, Jaime   |d 1908-1968  |9 882748 
600 0 |a Góngora del Campo, Mario   |d 1915-1985  |9 882749 
650 0 |a Chile  |9 390114  |x Política y Gobiernos  |y 1930-1940 
942 |2 ddc  |c BK 
952 |0 0  |1 0  |2 ddc  |4 0  |6 320_983000000000000_GON_2018  |7 0  |8 A  |9 590289  |a BIBHIS  |b BIBHIS  |c GEN  |d 2023-05-29  |e Donación  |i 5657635  |o 320.983 GON 2018  |p 5657635  |r 2025-01-20  |t 1  |w 2023-05-29  |y BK  |k HIS